01001nas a2200241Ia 4500001001100000003000900011008004100020040001300061040001300074041001300087100003800100210001200138222001200150245010300162250001100265260002200276501008600298300001100384310001500395362004400410500026200454650004300716R142/77670IT-RoPAU151124c99999999xx |||||||||||| ||und|| aIT-RoPAU cIT-RoPAU aFRANCESE aAA.VV. gCodice Aut. SPICS: 12000 aRESEAUX aReseaux aRESEAUX, N.044/045 (NOVEMBRE 1990/FEBBRAIO 1991)bReseaux, N.044/045 (Novembre 1990/Febbraio 1991) a1a ed. aPARISbCNETc1991 bPaulus - SPICS - Società San Paolo EM (non-commercial uses only)cCopyright2015 a444 p. aBIMESTRALE aN.044/045 (NOVEMBRE 1990/FEBBRAIO 1991) aReti: Comunicazione, Tecnologia e Società. Dossier su Sociologia della Televisione in Europa con Contributi di Autori Vari per Italia, Gran Bretagna, Germania, Svezia, Danimarca, Spagna, Belgio, Polonia. Punto di Vista Sulle Riviste Professionali di Comun aCOMUNICAZIONEvPUBBLICAZIONE PERIODICA